00159 a2200061 4500100001300000245003400013260005000047 aJoshi V. aWeapons That Wins The Warfare bBharatiya Vichar Sadhana Pune Prakashanc2018